| 000 | 00424nam a22001697a 4500 | ||
|---|---|---|---|
| 003 | NUST - PNEC | ||
| 005 | 20170116180833.0 | ||
| 008 | 150803b xxu||||| |||| 00| 0 eng d | ||
| 020 | _a052149852x | ||
| 040 | _cLIBRARY | ||
| 082 | _a519.5 FRA | ||
| 100 |
_94777 _aFrank, Harry |
||
| 245 |
_aStatistics : concepts and applications _cHarry, Frank |
||
| 260 | _cc1994. | ||
| 650 |
_94779 _aStatistics _xME |
||
| 942 |
_2ddc _cBK |
||
| 999 |
_c64102 _d64102 |
||